[Event "Pan American-ch School U17 12th"]
[Site "Callao"]
[Date "2023.10.21"]
[Round "9"]
[White "Venegas Fernandez, Gabriel"]
[Black "Romero Villarroel, Rodrigo Ever"]
[Result "0-1"]
[WhiteElo "1388"]
[BlackElo "1601"]
[PlyCount "80"]
[EventDate "2023.10.16"]
[EventType "swiss"]
[EventRounds "9"]
[EventCountry "PER"]
[SourceTitle "Mega2024 Update 01"]
[Source "Chessbase"]
[SourceDate "2023.11.12"]
[SourceVersion "1"]
[SourceVersionDate "2023.11.12"]
[SourceQuality "1"]

1. d4 Nf6 2. Bg5 g6 3. Nd2 d5 4. Bxf6 exf6 5. Ngf3 Bg7 6. e3 0-0 7. Bd3 Nd7 8. c4 f5 9. Rc1 c6 10. Qb3 Nf6 11. 0-0 Ne4 12. Rc2 Rb8 13. cxd5 cxd5 14. Rfc1 Be6 15. Rc7 Nd6 16. Nb1 f4 17. exf4 Nc4 18. Rxb7 Qd6 19. g3 Na5 20. Rxb8 Nxb3 21. Rxf8+ Kxf8 22. axb3 Qb4 23. Rc3 Bxd4 24. Nxd4 Qxd4 25. Na3 Qb6 26. Bb5 d4 27. Rd3 Bf5 28. Rd2 Qa5 29. Rxd4 Qe1+ 30. Kg2 h5 31. Bc6 h4 32. gxh4 Qe6 33. Bd7 Bh3+ 34. Kf3 Qxb3+ 35. Ke4 Qb7+ 36. Ke5 Bxd7 37. Nc4 Ke7 38. Re4 Be6 39. f5 Bxc4 40. Rxc4 Qxb2+ 0-1

[Event "Pan American-ch School U17 12th"]
[Site "Callao"]
[Date "2023.10.19"]
[Round "6"]
[White "Romero Villarroel, Rodrigo Ever"]
[Black "Ramos Proano, Leonardo Josue"]
[Result "0-1"]
[WhiteElo "1601"]
[BlackElo "1601"]
[PlyCount "61"]
[EventDate "2023.10.16"]
[EventType "swiss"]
[EventRounds "9"]
[EventCountry "PER"]
[SourceTitle "Mega2024 Update 01"]
[Source "Chessbase"]
[SourceDate "2023.11.12"]
[SourceVersion "1"]
[SourceVersionDate "2023.11.12"]
[SourceQuality "1"]

1. d4 d5 2. Nf3 f5 3. c4 e6 4. Bf4 c6 5. e3 Bd6 6. Nc3 Nf6 7. Be2 0-0 8. h3 Ne4 9. 0-0 Qc7 10. Bxd6 Qxd6 11. Ne5 Nd7 12. f4 Ng3 13. Rf3 Nxe2+ 14. Qxe2 b6 15. cxd5 exd5 16. g4 Nxe5 17. fxe5 Qg6 18. Raf1 Bd7 19. g5 Qxg5+ 20. Kh2 Qh5 21. Rg1 Rf7 22. Qg2 Kf8 23. Rg3 g6 24. Nxd5 cxd5 25. Qxd5 Rc8 26. e6 f4 27. Qd6+ Kg7 28. R3g2 Rc6 29. Qa3 Rxe6 30. exf4 Rxf4 31. Qxa7 0-1

[Event "Santa Cruz op 5th"]
[Site "Santa Cruz"]
[Date "2023.02.18"]
[Round "5"]
[White "Romero Villarroel, Rodrigo Ever"]
[Black "Cueto Chajtur, Johny"]
[Result "1/2-1/2"]
[WhiteElo "1624"]
[BlackElo "2134"]
[PlyCount "31"]
[EventDate "2023.02.16"]
[EventType "swiss"]
[EventRounds "7"]
[EventCountry "BOL"]
[SourceTitle "CBM 212 Extra"]
[Source "ChessBase"]
[SourceDate "2023.03.31"]
[SourceVersion "1"]
[SourceVersionDate "2023.03.31"]
[SourceQuality "1"]

1. d4 d6 2. Bf4 Nd7 3. Nf3 Ngf6 4. Nc3 c5 5. d5 a6 6. a4 h6 7. e4 g5 8. Bg3 Nh5 9. Be2 Bg7 10. Nd2 Nxg3 11. hxg3 Ne5 12. f4 Ng6 13. Rf1 Qa5 14. Ra3 Rb8 15. Nc4 Qc7 16. a5 1/2-1/2

[Event "Santa Cruz op 5th"]
[Site "Santa Cruz"]
[Date "2023.02.16"]
[Round "1"]
[White "Romero Villarroel, Rodrigo Ever"]
[Black "Barros Jardi Arce, Sarai"]
[Result "1-0"]
[WhiteElo "1624"]
[BlackElo "1167"]
[PlyCount "134"]
[EventDate "2023.02.16"]
[EventType "swiss"]
[EventRounds "7"]
[EventCountry "BOL"]
[SourceTitle "CBM 212 Extra"]
[Source "ChessBase"]
[SourceDate "2023.03.31"]
[SourceVersion "1"]
[SourceVersionDate "2023.03.31"]
[SourceQuality "1"]

1. d4 Nf6 2. Bf4 g6 3. Nc3 Bg7 4. e4 d6 5. Qd2 Nc6 6. 0-0-0 Bd7 7. f3 e5 8. dxe5 dxe5 9. Bg5 h6 10. Bh4 Be6 11. Qe1 Qe7 12. Bb5 Qc5 13. Bf2 Qe7 14. Nd5 Bxd5 15. exd5 a6 16. Ba4 b5 17. dxc6 bxa4 18. Qa5 a3 19. Bc5 axb2+ 20. Kb1 Qe6 21. Qxc7 Rc8 22. Qa7 Rxc6 23. Ne2 Bf8 24. Nd4 Bxc5 25. Nxc6 Qxc6 26. Qb8+ Ke7 27. Qxh8 h5 28. Rhe1 Bd6 29. f4 Ne4 30. Rxe4 Qxe4 31. fxe5 Bxe5 32. Qd8+ Ke6 33. Qd7+ Kf6 34. Rf1+ Kg5 35. Qxf7 Qxg2 36. Rf5+ Kh6 37. Rf1 Qxh2 38. Qf3 Qd2 39. a3 Qa5 40. Qf8+ Bg7 41. Qf4+ Kh7 42. Qd6 Qb5 43. Rg1 g5 44. Qe7 Kh6 45. Rd1 Qf5 46. Qd6+ Qf6 47. Qb4 Kh7 48. Qe4+ Qg6 49. Qe7 Qc6 50. Qxg5 Qf3 51. Rg1 Qf7 52. Rh1 Qf8 53. Qxh5+ Kg8 54. Qh7+ Kf7 55. Rf1+ Ke7 56. Rxf8 Kxf8 57. Qf5+ Ke7 58. Qa5 Kd7 59. Qxa6 Ke7 60. Qa7+ Kf6 61. Qxg7+ Kxg7 62. a4 Kf6 63. a5 Ke6 64. a6 Kd6 65. a7 Ke6 66. a8Q Kf7 67. Qc6 Ke7 1-0

[Event "BOL-ch U16"]
[Site "Cochabamba"]
[Date "2023.01.13"]
[Round "2"]
[White "Villazon Zeballos, Manuel"]
[Black "Romero Villarroel, Rodrigo Ever"]
[Result "1-0"]
[WhiteElo "1353"]
[BlackElo "1688"]
[PlyCount "72"]
[EventDate "2023.01.13"]
[EventType "swiss"]
[EventRounds "7"]
[EventCountry "BOL"]
[SourceTitle "EXT 2024"]
[Source "ChessBase"]
[SourceDate "2023.10.10"]
[SourceVersion "1"]
[SourceVersionDate "2023.10.10"]
[SourceQuality "1"]

1. d4 Nf6 2. Nf3 g6 3. e3 Bg7 4. Bd3 0-0 5. 0-0 d6 6. Nbd2 Nc6 7. c3 e5 8. Qc2 Rb8 9. b3 Re8 10. Ba3 Bg4 11. Ne1 a5 12. Ne4 b5 13. Nxf6+ Bxf6 14. d5 e4 15. Bxe4 Nb4 16. Bxb4 axb4 17. h3 Bxc3 18. Rc1 f5 19. Bd3 Bh5 20. a3 Bxe1 21. Rfxe1 bxa3 22. b4 Rb7 23. Qc6 Rb6 24. Qc3 a2 25. Ra1 Re5 26. Rec1 g5 27. Rxa2 Bf7 28. Ra7 Bxd5 29. Rxc7 Be6 30. f4 gxf4 31. exf4 Qh4 32. fxe5 Qg3 33. exd6 Bd5 34. Bf1 Qg5 35. Rc8+ Kf7 36. Qc7+ Kg6 1-0

[Event "Pan American-ch Hybrid U14 31st"]
[Site "Tornelo INT"]
[Date "2021.09.04"]
[Round "3"]
[White "Goncalves, Davi Augusto"]
[Black "Romero Villarroel, Rodrigo Ever"]
[Result "1-0"]
[WhiteElo "1642"]
[BlackElo "1354"]
[PlyCount "77"]
[EventDate "2021.09.04"]
[EventType "swiss"]
[EventRounds "9"]
[EventCountry "NET"]
[SourceTitle "EXT 2023"]
[Source "ChessBase"]
[SourceDate "2022.10.05"]
[SourceVersion "1"]
[SourceVersionDate "2022.10.05"]
[SourceQuality "1"]

1. d4 Nf6 2. c4 g6 3. Nc3 Bg7 4. e4 d6 5. h3 Kf8 6. Nf3 h5 7. Be3 Nc6 8. Qd2 a6 9. Rd1 Nd7 10. Ng5 Nb6 11. d5 Ne5 12. b3 f6 13. Nf3 Kf7 14. Nxe5+ fxe5 15. Be2 Bf6 16. 0-0 g5 17. Bxg5 Qg8 18. f4 Ke8 19. h4 Bg4 20. Kh2 Qg7 21. Bxf6 exf6 22. g3 Ke7 23. fxe5 fxe5 24. Rf2 Rag8 25. Rdf1 Bxe2 26. Nxe2 Nd7 27. Rf5 Nc5 28. Qe3 Rf8 29. Rxf8 Rxf8 30. Rxf8 Kxf8 31. Qf3+ Qf7 32. Kg2 Qxf3+ 33. Kxf3 a5 34. Nc1 c6 35. Ke3 Kf7 36. Nd3 Nxd3 37. Kxd3 cxd5 38. cxd5 b5 39. a4 1-0